banner-ar

INVESTEMENT ANALYSIS AND PORTFOLIO MANAGEMENT / (Record no. 16823)

MARC details
000 -الفاتح
حقل البيانات ثابتة الطول 00486nam a2200169Ia 4500
008 - عناصر البيانات ثابتة الطول - معلومات عامة
حقل البيانات ثابتة الطول 140319s9999 xx 000 0 eng d
040 ## - مصدر الفهرسة
وكالة الفهرسة الأصلية GCL /
وكالة النسخ GCL
082 04 - رقم تصنيف ديوى العشرى
رقم التصنيف 332.0415
رقم المادة R I
100 1# - المدخل الرئيسى - إسم شخصى
الإسم الشخصى REILLY, FRANK K
245 10 - بيان العنوان
العنوان INVESTEMENT ANALYSIS AND PORTFOLIO MANAGEMENT /
بيان المسئوليه,etc REILLY, FRANK K
700 1# - المدخل الاضافى - اسم شخصى
الإسم الشخصى CHANCE, DON M.
260 ## - PUBLICATION, DISTRIBUTION, ETC. (IMPRINT)
تاريخ النشر أو التوزيع 1994
650 04 - المدخل الاضافى بالموضوع-مصطلح موضوعى
مصطلح موضوعي PORTFOLIO MANAGEMENT
650 04 - المدخل الاضافى بالموضوع-مصطلح موضوعى
مصطلح موضوعي INVESTMENTS
942 ## - عناصر المدخل الإضافي( كوها)
مصدر التصنيف او مخطط الترفيف Dewey Decimal Classification
Koha [default] item type كتاب
260 ## - PUBLICATION, DISTRIBUTION, ETC. (IMPRINT)
-- [S.N] :
-- HARCOUT BRAUCE COLLEGE PUBLISHRES ،
Holdings
حالة التراجع حالة الفقد حالة تلف ليس للاعارة المكان المؤقت الموقع الحالى تاريخ الاكتساب اجمالي اﻻعارات رقم الطلب الباركود تاريخ اخر مشاهدة تاريخ تفعيل السعر نوع وعاء كوها
        مكتبة القاهرة الكبرى مكتبة القاهرة الكبرى 03/26/2014   332.0415\R I 30422 03/26/2014 03/26/2014 كتاب

Powered By

EGPV